Dynamics of rotating machines /

"This book enables engineers to understand the dynamics of rotating machines, starting from the most basic explanations and then proceeding to detailed numerical models and analysis"--Provided by publisher.

Bibliographic Details
Other Authors: Friswell, M. I.
Format: Book
Language:English
Published: Cambridge ; New York : Cambridge University Press, 2010.
Series:Cambridge aerospace series ; 26.
Subjects:

MARC

Tag First Indicator Second Indicator Subfields
LEADER 00000cam a2200000 a 4500
001 in00002576021
005 20151201152313.0
008 091006s2010 enka b 001 0 eng
010 |a  2009042020 
020 |a 0521850169 (hardback) 
020 |a 9780521850162 (hardback) 
035 |a (OCoLC)463454044 
035 |a (OCoLC)ocn463454044 
040 |a DLC  |c DLC  |d YDXCP  |d C#P  |d CDX  |d BWX  |d UtOrBLW 
049 |a TXAM 
050 0 0 |a TJ1058  |b .D89 2010 
082 0 0 |a 621.8/2  |2 22 
245 0 0 |a Dynamics of rotating machines /  |c Michael Friswell [and others]. 
264 1 |a Cambridge ;  |a New York :  |b Cambridge University Press,  |c 2010. 
300 |a xv, 526 pages :  |b illustrations ;  |c 27 cm. 
336 |a text  |b txt  |2 rdacontent 
337 |a unmediated  |b n  |2 rdamedia 
338 |a volume  |b nc  |2 rdacarrier 
490 1 |a Cambridge aerospace series ;  |v 26 
504 |a Includes bibliographical references and index. 
505 0 |a Introduction -- Introduction to vibration analysis -- Free lateral response of simple rotor models -- Finite element modeling -- Free lateral response of complex systems -- Forced lateral response and critical speeds -- Asymmetric rotors and other sources of instability -- Balancing -- Axial and torsional vibration -- More complex rotordynamic models. 
520 |a "This book enables engineers to understand the dynamics of rotating machines, starting from the most basic explanations and then proceeding to detailed numerical models and analysis"--Provided by publisher. 
520 |a "This book equips the reader to understand every important aspect of the dynamics of rotating machines. Will the vibration be large? What influences machine stability? How can the vibration be reduced? Which sorts of rotor vibration are the worst? The book develops this understanding initially using extremely simple models for each phenomenon, in which (at most) four equations capture the behavior. More detailed models are then developed based on finite element analysis, to enable the accurate simulation of the relevant phenomena for real machines. Analysis software (in MATLAB) is associated with this book, and novices to rotordynamics can expect to make good predictions of critical speeds and rotating mode shapes within days. The book is structured more as a learning guide than as a reference tome and provides readers with more than 100 worked examples and more than 100 problems and solutions"--Provided by publisher. 
650 0 |a Rotors  |x Dynamics. 
650 0 |a Rotors  |x Vibration. 
700 1 |a Friswell, M. I. 
830 0 |a Cambridge aerospace series ;  |v 26. 
945 |a PromptCat  |b 15388 
946 |a stk 
947 |a A14840180083 
945 |a PromptCat 
946 |a qatar 
947 |a Q14800058181 
948 |a Cataloged  |b h  |c 2010/7/1  |d c  |e ibarton 
949 |a updated-AC Qatar  |b h  |c 2011/7/6  |e jstorlie 
994 |a 92  |b TXA 
999 |a MARS 
999 f f |s 14f34778-f88f-3711-9f31-d150e66250eb  |i 91c79056-55e1-341c-a4dd-e5c519ea8373  |t 0 
952 f f |p normal  |a Texas A&M University  |b College Station  |c Sterling C. Evans Library  |d Evans: Library Stacks  |t 0  |e TJ1058 .D89 2010  |h Library of Congress classification  |i unmediated -- volume  |m A14840180083 
998 f f |a TJ1058 .D89 2010  |t 0  |l Evans: Library Stacks